Database system concepts (Record no. 489)

000 -LEADER
fixed length control field 00571nam a22002297a 4500
001 - CONTROL NUMBER
control field 489
003 - CONTROL NUMBER IDENTIFIER
control field BD-DhUET
008 - FIXED-LENGTH DATA ELEMENTS--GENERAL INFORMATION
fixed length control field 140722b xxu||||| |||| 00| 0 eng d
020 ## - INTERNATIONAL STANDARD BOOK NUMBER
International Standard Book Number 007124476X
040 ## - CATALOGING SOURCE
Transcribing agency 0
Modifying agency BD-DhUET
082 ## - DEWEY DECIMAL CLASSIFICATION NUMBER
Classification number 005.74
Item number SIL/2006
100 ## - MAIN ENTRY--PERSONAL NAME
Personal name Silberschatz, Abraham
245 ## - TITLE STATEMENT
Title Database system concepts
250 ## - EDITION STATEMENT
Edition statement 5th ed.
260 ## - PUBLICATION, DISTRIBUTION, ETC. (IMPRINT)
Place of publication, distribution, etc. Boston
Name of publisher, distributor, etc. McGraw-Hill
Date of publication, distribution, etc. 2006
300 ## - PHYSICAL DESCRIPTION
Extent xxvi,1142p.
Other physical details ill.
504 ## - BIBLIOGRAPHY, ETC. NOTE
Bibliography, etc Includes bibliographies
650 #0 - SUBJECT ADDED ENTRY--TOPICAL TERM
Topical term or geographic name as entry element Database management
700 ## - ADDED ENTRY--PERSONAL NAME
Personal name Korth, Henry F.
700 ## - ADDED ENTRY--PERSONAL NAME
Personal name Sudarshan, S.
942 ## - ADDED ENTRY ELEMENTS (KOHA)
Koha item type General Book
Holdings
Lost status Date acquired Withdrawn status Piece designation (barcode) Koha date last seen Location (home branch) Koha normalized classification for sorting Price effective from Sublocation or collection (holding branch) Koha full call number Not for loan Copy number Shelving location Damaged status Koha item type Source of classification or shelving scheme Koha issues (times borrowed) Koha renewals Koha date last borrowed
 2014-07-22 1033202014-07-22Central Library, BUET007_000000000000000_74SIL20062014-07-22Central Library, BUET007.74/SIL/2006 1Circulation section General Book    
 2014-07-22 1033212016-12-24Central Library, BUET007_000000000000000_74SIL20062014-07-22Central Library, BUET007.74/SIL/2006 2Circulation section General Book  2 
 2014-08-25 1033222014-08-25Central Library, BUET005_740000000000000_SIL20062014-08-25Central Library, BUET005.74 SIL/2006 3Circulation section General Book    
 2014-08-25 1033232021-12-18Central Library, BUET005_000000000000000_74SIL20062014-08-25Central Library, BUET005.74/SIL/2006 4Circulation section General Book 1 2021-12-04
 2014-08-25 1033242014-08-25Central Library, BUET005_000000000000000_74SIL20062014-08-25Central Library, BUET005.74/SIL/2006 5Circulation section General Book    
 2014-08-25 1033252014-08-25Central Library, BUET005_740000000000000_SIL_20062014-08-25Central Library, BUET005.74/SIL/2006 6Circulation section General Book    
 2014-08-25 1033262017-07-16Central Library, BUET005_740000000000000_SIL_20062014-08-25Central Library, BUET005.74/SIL/2006 7Circulation section General Book 1 2017-07-01
 2014-08-25 1033272014-08-25Central Library, BUET005_000000000000000_74SIL20062014-08-25Central Library, BUET005.74/SIL/2006 8Circulation section General Book    
 2014-08-25 1033282014-08-25Central Library, BUET005_000000000000000_74SIL20062014-08-25Central Library, BUET005.74/SIL/2006 9Circulation section General Book    
 2014-08-25 1033292014-08-25Central Library, BUET005_000000000000000_74SIL20062014-08-25Central Library, BUET005.74/SIL/2006 10Circulation section General Book    
 2015-06-09 1021722015-06-09Central Library, BUET005_740000000000000_SIL_20062015-06-09Central Library, BUET005.74/SIL/2006 11Reading section Reading Item    
 2015-06-09 1025542015-06-09Central Library, BUET005_740000000000000_SIL_20062015-06-09Central Library, BUET005.74/SIL/2006 12Reading section Reading Item